000 00291 a2200133 4500
001 75654
040 _cAnchieta - Colégio São Paulo
240 1 0 _aA cabeça do santo
_lpor
245 1 0 _aA cabeça do santo
300 _a168
362 0 _a2014
650 4 _aFicção brasileira
942 _cBK
999 _c75654
_d75654